| Поле | Инд. | ПП | Название | Значение |
|---|---|---|---|---|
| Тип записи | a | |||
| Библиографический уровень | m | |||
| 001 | Контрольный номер | bfba98a8-9025-409e-a9be-7d7dfdb9d68f | ||
| 005 | Дата корректировки | 20220330120908.4 | ||
| 008 | Кодируемые данные | 000420 d | ||
| 040 | a | Служба первич. каталог. | НБ ТвГУ | |
| 041 | 0_ | a | Код языка текста | rus |
| 080 | a | Индекс УДК | 530.145.6(075.8) | |
| 084 | a | Индекс другой классификации/Индекс ББК | В314я731-1 | |
| 090 | x | Авторский знак | К32 | |
| a | Полочн. индекс | В314 | ||
| 245 | _0 | a | Заглавие | Квантовая механика и квантовая химия |
| n | Номер части/ раздела | Разд. 2 | ||
| p | Название части/ раздела | Квантовая механика | ||
| b | Продолж. заглавия | Метод. указания и задания для самостоят. работы студентов ДО и ВО спец.01.08 - химия | ||
| c | Ответственность | Твер. гос. ун-т. Каф. физ. химии; Сост. Л.Ю. Васильева | ||
| 260 | 1_ | a | Место издания | Тверь |
| c | Дата издания | 1992 | ||
| 300 | a | Объем | 21 с., включ. обл. | |
| 504 | a | Библиография | Библиогр.: с.21. | |
| 650 | 04 | a | Основная рубрика | Квантовая механика |
| x | Основная подрубрика | Учебники для вузов | ||
| 650 | 04 | a | Основная рубрика | Квантовая химия |
| 653 | 0_ | a | Ключевые слова | Квантовая механика |
| a | Ключевые слова | Квантовая химия | ||
| a | Ключевые слова | Учебники | ||
| a | Ключевые слова | Труды Тверского государственного университета | ||
| 700 | 1_ | a | Другие авторы | Васильева Л.Ю. |
| e | Роль лиц | сост. | ||
| 710 | 12 | a | Организация/ юрисдикция | Тверской государственный университет |
| 852 | 41 | t | Порядковый номер экземпляра | 25 |
| p | Инвентарный номер | 633808 | ||
| p | Инвентарный номер | 633809 | ||
| 852 | 41 | t | Порядковый номер экземпляра | 19 - N140 |
| 930 | a | Новая/Ретро | учебники | |
| 999 | a | Подразделение 2 | Фил3 | |
| a | Подразделение 2 | Фил3 |